000 00335 a2200133 4500
999 _c325484
_d325484
001 90411
003 NUST
082 _a809.89282 DAR
100 _aDarlison Aleesah
_99848
245 _aUnicorn Riders : Ellabeth's Test
_hEnglish
260 _aLondon
_bWalker Books
_c2011
300 _a126p.
500 _aGeneral Books
942 _aCAE NUST
_cBK
_k809.89282 DAR
_2ddc